| 000 | 00444nam a2200169 4500 | ||
|---|---|---|---|
| 003 | CO-ViMGA | ||
| 020 | _a9788426134141 | ||
| 040 |
_aCO-ViMGA _bspa _cCO-ViMGA |
||
| 082 | 0 | 4 |
_aI843.91 _bB43ts |
| 100 | 1 |
_aBie, Linne _9233 |
|
| 245 | 1 | 0 |
_aEl pequeño Edu tiene sueño _cLinne Bie |
| 250 | _a2a. ed. | ||
| 260 |
_aBarcelona : _bJuventud, _c2010 |
||
| 300 | _a[12] p. : il. ; 16 cm | ||
| 650 | 1 | 4 |
_aCuentos infantiles belgas _9234 |
| 942 |
_2ddc _cBK |
||
| 999 |
_c33667 _d33667 |
||